000 00542nam a2200181 i 4500
001 87030
003 ES-MaACL
005 20230906175557.0
007 t|
008 041217s1960 sp ||||1| spa d
100 1 _aKlots, Alexander B.
_968300
245 1 0 _aVida y costumbres de las mariposas /
_cAlexander B. Klots ; traducció de Pedro Arté.
250 _a1ª ed.
260 _aBarcelona :
_bJuventud,
_c[1960]
300 _a205 p., 88 lám. :
_bil. ;
_c29 cm.
700 1 _aArté, Pedro.
_923431
852 _aES-MaACL
_jF-1938
_bR.47768
999 _c87030
_d87030